zpět

Detail výsledku týmu

Chicago Bar & Grill ČT, Liberec

Datum a čas kvízu

24.5 Celkem bodů Celkový počet nahraných bodů na tomto kvízu bez doplňovacích otázek.
4. Pořadí na kvízu Konečné umístění týmu na tomto kvízu.

Zaznamenané odpovědi

# Otázka Odpověď Body Výsledky
1. Minulý týden vyšla zpráva o to... hranolka / hranolek 1
2. Britská královská pošta předst... A) květiny 0
3. Jeden ze dvou původních aktivn... Brian May 0
4. Americký Národní úřad pro lete... nové skafandry 0
5. Které dva týmy se minulý týden... Manchester City, RB Lipsko 0
-15. V následujícím tématu se budem... joule 1
-13. V 19. a 20. století byl předev... svítiplyn 1
-12. Mezi obnovitelné zdroje patří... v Ústí nad Labem 0
-11. Součástí naprosté většiny elek... alternátor 1
-10. Téma zakončíme otázkou na jade... 1 0